HUMAN ANATOMY: BRAIN - NEUROANATOMY VOL-4 (Record no. 22006)
[ view plain ]
| 000 -LEADER | |
|---|---|
| fixed length control field | 00354nam a22001577a 4500 |
| 003 - CONTROL NUMBER IDENTIFIER | |
| control field | SGT |
| 020 ## - INTERNATIONAL STANDARD BOOK NUMBER | |
| International Standard Book Number | 9789388902755 |
| 082 ## - DEWEY DECIMAL CLASSIFICATION NUMBER | |
| Classification number | 611 |
| Item number | H21C |
| 100 ## - MAIN ENTRY--PERSONAL NAME | |
| Personal name | CHAURSIA, B.D. |
| 245 ## - TITLE STATEMENT | |
| Title | HUMAN ANATOMY: BRAIN - NEUROANATOMY VOL-4 |
| 250 ## - EDITION STATEMENT | |
| Edition statement | 8TH |
| 260 ## - PUBLICATION, DISTRIBUTION, ETC. (IMPRINT) | |
| Place of publication, distribution, etc | INDIA |
| Name of publisher, distributor, etc | CBS PUB |
| Year of Publication | 2021 |
| 300 ## - PAGE DESCRIPTION | |
| No. of Pages | 220 |
| 650 ## - SUBJECT ADDED ENTRY--TOPICAL TERM | |
| Topical term or geographic name as entry element | HUMAN ANATOMY |
| 942 ## - ADDED ENTRY ELEMENTS (KOHA) | |
| Source of classification or shelving scheme | Dewey Decimal Classification |
| Koha item type | Books |
| 942 ## - ADDED ENTRY ELEMENTS (KOHA) | |
| -- | 41 |
| Withdrawn status | Lost status | Source of classification or shelving scheme | Damaged status | Not for loan | Collection code | Home library | Current library | Shelving location | Date acquired | Vendor Name | Cost, normal purchase price | Volume Information (Serial or Books or Non-Book Material) | SGTU | Bill Number | Total Checkouts | Total Renewals | Full call number | Accession No. (Barcode) | Date last seen | Date last borrowed | Bill Date | Koha item type |
|---|---|---|---|---|---|---|---|---|---|---|---|---|---|---|---|---|---|---|---|---|---|---|
| Dewey Decimal Classification | MEDICAL | SGT Medical Library | SGT Medical Library | Text Book | 06/11/2021 | ABC DELHI | 0.00 | VOLUME-4 | SGTU | 13417 | 10 | 2 | 611 H21C | FM12645 | 13/06/2025 | 19/05/2025 | Books | |||||
| Dewey Decimal Classification | MEDICAL | SGT Medical Library | SGT Medical Library | Text Book | 06/11/2021 | ABC DELHI | 0.00 | VOLUME-4 | SGTU | 13417 | 5 | 611 H21C | FM12646 | 14/10/2025 | 14/10/2025 | Books | ||||||
| Dewey Decimal Classification | MEDICAL | SGT Medical Library | SGT Medical Library | Text Book | 06/11/2021 | ABC DELHI | 0.00 | VOLUME-4 | SGTU | 13417 | 10 | 611 H21C | FM12647 | 17/06/2025 | 03/06/2025 | Books | ||||||
| Dewey Decimal Classification | MEDICAL | SGT Medical Library | SGT Medical Library | Text Book | 06/11/2021 | ABC DELHI | 0.00 | VOLUME-4 | SGTU | 13417 | 11 | 611 H21C | FM12648 | 17/06/2025 | 04/06/2025 | Books | ||||||
| Dewey Decimal Classification | MEDICAL | SGT Medical Library | SGT Medical Library | Text Book | 06/11/2021 | ABC DELHI | 0.00 | VOLUME-4 | SGTU | 13417 | 15 | 611 H21C | FM12649 | 09/04/2025 | 26/03/2025 | Books | ||||||
| Dewey Decimal Classification | MEDICAL | SGT Medical Library | SGT Medical Library | Text Book | 06/11/2021 | ABC DELHI | 0.00 | VOLUME-4 | SGTU | 13417 | 6 | 611 H21C | FM12650 | 10/12/2025 | 26/11/2025 | Books |